Generalized additive models
Saved in:
| Hovedforfatter: | |
|---|---|
| Andre forfattere: | |
| Format: | Bog |
| Sprog: | engelsk |
| Udgivet: |
Boca Ratón, Estados Unidos:
Chapman and Hall,
1990.
|
| Udgivelse: | 1a. edición. |
| Serier: | Monographs on Statistics and Applied Probability.,
|
| Fag: | |
| Tags: |
Tilføj Tag
Ingen Tags, Vær først til at tagge denne postø!
|
MARC
| LEADER | 00000cam a2200000 a 4500 | ||
|---|---|---|---|
| 001 | UCC6117 | ||
| 003 | CL-VaPUC | ||
| 005 | 20240820153059.0 | ||
| 008 | 181123t19900000us |||||||||||||||||eng|d | ||
| 020 | |a 9780412343902 | ||
| 040 | |c Pontificia Universidad Católica de Valparaíso | ||
| 082 | 0 | 7 | |a 519.536 HAS 1990 |2 22 |
| 100 | |a Hastie, Trevor J |9 222215 |e autor | ||
| 245 | 1 | 0 | |a Generalized additive models |
| 250 | |a 1a. edición. | ||
| 260 | |a Boca Ratón, Estados Unidos: |b Chapman and Hall, |c 1990. | ||
| 300 | |a 335 páginas. | ||
| 490 | 0 | |a Monographs on Statistics and Applied Probability., |n 43 | |
| 583 | |a last modification |c 20181123 16:12:00 |k Rodrigo Vera | ||
| 650 | 0 | |a Modelos lineales |9 270494 | |
| 650 | 0 | |a Regresión lineal |9 362689 | |
| 650 | 0 | |a Análisis numérico |9 259387 | |
| 650 | 0 | |a Estadística aplicada |9 270522 | |
| 700 | 0 | |a Tibshirani, R. J |e autor |9 600545 | |
| 942 | |c BK |2 ddc | ||
| 945 | |d 20181123 16:12:00 |a dcastane | ||
| 999 | |c 373151 |d 373149 | ||
| 952 | |0 0 |1 0 |3 erd |4 0 |6 519_536000000000000_HAS_1990 |7 0 |8 A |9 491137 |a BIBGIM |b BIBGIM |i 5516293 |o 519.536 HAS 1990 |p 5516293 |r 2025-01-15 |w 2019-11-24 |y BK |z Catalogado en:20181123 |k EST | ||